| 000 | 00602nam a2200229Ia 4500 | ||
|---|---|---|---|
| 008 | 160319s9999 xx 000 0 und d | ||
| 020 | _a9831870751 | ||
| 050 | _a590 | ||
| 050 | _bN273a 2003 | ||
| 100 | _aNatarajan, Cindy | ||
| 245 | _aAnimals and their young : | ||
| 245 | _bthe living world / | ||
| 245 | _cCindy Natarajan. | ||
| 260 | _aPenang : | ||
| 260 | _bRhythm Distributor, | ||
| 260 | _c2003 | ||
| 300 | _a23 pages : | ||
| 300 | _bcolor illustrations ; | ||
| 300 | _c26 cm. | ||
| 440 | _aJunior Science Explorer. | ||
| 650 | _aYoung Readers - picture book for children. | ||
| 999 |
_c292011 _d292011 |
||